000 00490nam a22001817a 4500
999 _c192995
_d192995
005 20221012145955.0
010 _aENG-135373
020 _c205.00
_a9788193223260
035 _aEN-118905
037 _bDBAD/PUB
082 _a808.68
100 _aK.K. Singh
245 _aOur memory/
_cK.K. Singh
260 _c2016
_bMaheshwari Prakashan
_aDelhi, NCR
270 _bDelhi/NCR
_a911/7C, Fardabad
_e121006
300 _a130p.
_c22cm(Pbk)
942 _2ddc
_cEN
_mKKS
_h808.88